=LDR 00000nam 2200000 4500 =001 INLIS000000000004018 =005 20130612092316 =008 ***********************************Ind** =035 ##$$a0010-061300000004018 =041 ##$$a Ind =082 ##$$a 808.066 6 =090 ##$$a 808.066 6, Sub k =100 ##$$a Subiyakto, Markus G =245 ##$$a Kiat menulis artikel iptek populer di media cetak, Markus G.Subiyakto; editor, Made Suartika =260 ##$$a 1996 $b Jakarta =300 ##$$a viii, 135 hlm, 21 cm =650 ##$$a Teknik penulisan =700 ##$$a Suartika, Made =850 ##$$a NBPNMAT =990 ##$$a 0001/BPAP-NTB/20142014 =990 ##$$a 00089066 =990 ##$$a 62.835/Pb.93 =990 ##$$a 62.836/Pb.93 =990 ##$$a 86.279/Pro.95 =990 ##$$a 86.280/Pro.95 =990 ##$$a 112.496/Pro.97 =990 ##$$a 112.497/Pro.97 =990 ##$$a 112.498/Pro.97